Raktham Puranda Mantharikal_Malayalam (Record no. 38148)

MARC details
000 -LEADER
fixed length control field 01887nam a22001697a 4500
082 ## - DEWEY DECIMAL CLASSIFICATION NUMBER
Classification number 920 VAS
100 ## - MAIN ENTRY--AUTHOR NAME
Personal name Vasudevan Nair M T
245 ## - TITLE STATEMENT
Title Raktham Puranda Mantharikal_Malayalam
250 ## - EDITION STATEMENT
Edition statement 1
260 ## - PUBLICATION, DISTRIBUTION, ETC. (IMPRINT)
Name of publisher Current Books
Place of publication Thrissur
Year of publication 2023
300 ## - PHYSICAL DESCRIPTION
Number of Pages Number of pages : 200
520 ## - SUMMARY, ETC.
Summary, etc เดฎเดฒเดฏเดพเดณเด•เดฅเดฏเตเด•เตเด•เต เดฎเดจเตเดทเตเดฏเดฎเดจเดธเตเดธเดฟเดฒเต‡เด•เตเด•เตเดณเตเดณ เดตเดพเด•เตเด•เตเด•เดณเตเดŸเต† เดชเตเดฐเด•เดพเดถเดœเดพเดฒเด•เด™เตเด™เดณเตโ€ เดชเดฃเดฟเดค เด•เดฅเด•เดณเดพเดฃเต เดˆ เดชเตเดธเตโ€Œเด•เดคเตเดคเดฟเดฒเตโ€. เดฎเดฒเดฏเดพเดณเดฟเดฏเตเดŸเต† เดŽเดจเตเดจเดคเตเดคเต†เดฏเตเด‚ เดตเดฒเดฟเดฏ เด•เดฅเดพเด•เดพเดฐเดจเดพเดฏ เดŽเด‚.เดŸเดฟเดฏเต† เดธเดนเตƒเดฆเดฏเดนเตƒเดฆเดฏเด™เตเด™เดณเดฟเดฒเตโ€ เดชเตเดฐเดคเดฟเดทเตเด เดฟเดšเตเดš เด†เดฆเตเดฏเด•เดพเดฒเด•เดฅเด•เดณเตโ€. เดœเต€เดตเดฟเดคเด‚ เดจเดฒเตโ€เด•เดฟเดฏ เด‰เดทเตเดฃเด‚ เด•เตเดŸเดฟเดšเตเดšเต เด…เดจเตเดคเดฐเตโ€เดฎเตเด–เดฐเดพเดฏเดฟเดชเตเดชเต‹เดฏ เดฎเดจเตเดทเตเดฏเดฐเดพเดฃเต เดˆ เด•เดฅเด•เดณเดฟเดฒเตโ€. เดŽเดจเตเดจเดพเดฒเตโ€ เด…เดตเดฐเตโ€ เดฎเดจเดธเตเดธเตเดคเตเดฑเด•เตเด•เตเดฎเตเดชเต‹เดณเตโ€ เดฎเดจเตเดทเตเดฏเดฌเดจเตเดงเด™เตเด™เดณเตเดŸเต† เดฎเดนเดพเดฐเดนเดธเตเดฏเด™เตเด™เดณเตโ€ เด•เดฃเตเดŸเต เดจเดพเด‚ เด…เดฆเตเดญเตเดคเดชเตเดชเต†เดŸเตเดจเตเดจเต. เดตเดพเดฏเดจเดฏเต† เดตเดฒเดฟเดฏ เด…เดจเตเด—เตเดฐเดนเดฎเดพเด•เตเด•เตเดจเตเดจ เดชเดคเดฟเดจเดพเดฑเต เด•เดฅเด•เดณเตโ€. เดฐเด•เตเดคเด‚ เดชเตเดฐเดฃเตเดŸ เดฎเดฃเตโ€เดคเดฐเดฟเด•เดณเตโ€, เดตเต†เดฏเดฟเดฒเตเด‚ เดจเดฟเดฒเดพเดตเตเด‚, เดตเต‡เดฆเดจเดฏเตเดŸเต† เดชเต‚เด•เตเด•เดณเตโ€ เดŽเดจเตเดจเต€ เดฎเต‚เดจเตเดจเต เดชเตเดธเตเดคเด•เด™เตเด™เดณเดฟเดฒเดพเดฏเดฟ เดธเดฎเดพเดนเดฐเดฟเดšเตเดšเดฟเดฐเตเดจเตเดจ เด•เดฅเด•เดณเตโ€ เด’เดฑเตเดฑเดชเตเดชเตเดธเตเดคเดคเตเดคเดฟเดฒเตโ€.
546 ## - LANGUAGE NOTE
Language note Language : Malayalam
650 ## - SUBJECT ADDED ENTRY--TOPICAL TERM
Topical Term GEN
942 ## - ADDED ENTRY ELEMENTS (KOHA)
Koha item type Text Book
952 ## - LOCATION AND ITEM INFORMATION (KOHA)
Damaged status
Not for loan
Holdings
Withdrawn status Collection code Permanent Location Current Location Date acquired Source of acquisition Cost, normal purchase price Inventory number Full call number Accession Number Price effective from Koha item type
  GENERAL VAST Central Library VAST Central Library 28/11/2025 Minerva Books 280.00 90 920 VAS 38295 22/12/2025 Text Book